00376 2200133 4500001002100000005001500021035002000036245010300056100003100159300001200190260002000202082000800222990001200230INLIS00000000000223920250527020352 a0010-05250005311 aBerceria Dengan Indah Problematika Cinta, Rumah Tangg dan Perceraian /cGandian Triadi Budi Kusuma0 aGandian Triadi Budi Kusuma a184 hlm bInthisar,c2005 a813 a0712707